书目信息 |
| 题名: |
优良玉米杂交种介绍
|
|
| 作者: | ;山东省农业科学院作物研究所 编 | |
| 分册: | ||
| 出版信息: | 北京 农业出版社 1979 |
|
| 页数: | 172页 | |
| 开本: | 19cm | |
| 丛书名: | ||
| 单 册: | ||
| 中图分类: | S513 | |
| 科图分类: | ||
| 主题词: | 玉米-杂种 , 杂种-玉米 | |
| 电子资源: | ||
| ISBN: | ||
| 000 | 00678nam0 2200229 45 | |
| 001 | 0178000193 | |
| 005 | 20060727082104.09 | |
| 010 | @dCNY0.40 | |
| 091 | @a16144.1808 | |
| 100 | @a19950802d1978 em y0chiy0121 ea | |
| 101 | 0 | @achi |
| 102 | @aCN@b110000 | |
| 105 | @ay z 000yy | |
| 200 | 10 | @a优良玉米杂交种介绍@Ayou liang yu mi za jiao zhong jie shao@f山东省农业科学院作物研究所编 |
| 210 | @a北京@c农业出版社@d1979 | |
| 215 | @a172页@d19cm | |
| 606 | @a玉米-杂种 | |
| 606 | @a杂种-玉米 | |
| 690 | @aS513@v3 | |
| 711 | 02 | @a山东省农业科学院作物研究所@Ashan dong sheng nong ye ke xue yuan zuo wu yan jiu suo@4编 |
| 801 | 0 | @aCN@bTSSF@c20060727 |
| 905 | @a10447@dS513@e20 | |
| 优良玉米杂交种介绍/山东省农业科学院作物研究所编.-北京:农业出版社,1979 |
| 172页;19cm |
| ISBN :CNY0.40 |
| ● |
| 相关链接 |
|
|
|
|
正题名:优良玉米杂交种介绍
索取号:S513/20
 
预约/预借
| 序号 | 登录号 | 条形码 | 馆藏地/架位号 | 状态 | 备注 |
| 1 | 0438689 | 204386896 | 密集书库/ [索取号:S513/20] | 在馆 |